MDQL
is popping MORE tags! Check the
thread
!
Quizzes
Events
Quiz Creation
Community
Videos
Private Events
Remove Ads
Sign In
Join for FREE
Feedback
Dark Mode
Quiz Categories
Sports
Geography
Music
Movies
Television
Just For Fun
Miscellaneous
History
Literature
Language
Science
Gaming
Entertainment
Religion
Holiday
For Kids
Quiz Lab
Recent
Popular Today
Quiz Kudos Today
Editor Picks
Curator Picks
Quizzes by...
Day
Popularity
Type
Ratings
Length
Year
Community
Subscriptions
Recent Discussions
Orange Saloon
Badges
Playlists
Quests
Create
Leaderboards
Showdown
Live 5
Trivia Bingo
Activity
Puzzle Library
Sporcle Events
Private Events
Virtual Trivia
Globe League
Become a Host
Pub Owners
SporcleCon
Opinionation
Our Games
Videos
Blog
Mobile Apps
Partnerships
Remove Ads and Go Orange
Feedback
Sports
Athletes
MLB
NBA
NHL
NFL
Soccer
Sports Teams
WWE
NCAA
Football
Premier League
Basketball
Baseball
Hockey
Golf
Tennis
Cricket
Rugby
Auto Racing
Olympics
World Cup
Sports
Athletes
MLB
NBA
NHL
NFL
Soccer
Sports Teams
WWE
NCAA
Football
Premier League
Basketball
Baseball
Hockey
Golf
Tennis
Cricket
Rugby
Auto Racing
Olympics
World Cup
Random Quiz
Search Sporcle
×
Quiz Lab
Quiz Lab
Sports
season
Type in answers that appear in a list
Type in answers that appear in a list
Classic
Best Score? Go Orange.
MLS Coaches Stats
Can you name the (non-interim) head coaches of every MLS club as of the start of the 2010 season?
By
anabnos
10m
78 Questions
136 Plays
136 Plays
136 Plays
Comments
Comments
Give Quiz Kudos
Give Quiz Kudos
-
- Ratings
hide this ad
Replay
Link that replays current quiz
Next Quiz
Link to next quiz in quiz playlist
You Got
0%
They Got
Avg Score
53%
Avg Friend Score
Upgrade to see
Score Distribution
Jump to the score distribution portion of the page
Score
0/78
Timer
10:00
0
Plays Today
Team
Coach Name
% Correct
D.C. United
Bruce Arena
97.8%
New York Red Bulls/
MetroStars
Bruce Arena
97.8%
Los Angeles Galaxy
Bruce Arena
97.8%
Columbus Crew
Sigi Schmid
89.7%
Los Angeles Galaxy
Sigi Schmid
89.7%
Seattle Sounders FC
Sigi Schmid
89.7%
Chicago Fire
Bob Bradley
87.5%
New York Red Bulls/
MetroStars
Bob Bradley
87.5%
C.D. Chivas USA
Bob Bradley
87.5%
Real Salt Lake
Jason Kreis
84.6%
C.D. Chivas USA
Preki
82.4%
Houston Dynamo
Dominic Kinnear
82.4%
San Jose Earthquakes
Dominic Kinnear
82.4%
New England Revolution
Steve Nicol
78.7%
Los Angeles Galaxy
Frank Yallop
73.5%
San Jose Earthquakes
Frank Yallop
73.5%
Kansas City Wizards
Curt Onalfo
66.9%
D.C. United
Peter Nowak
66.2%
Chicago Fire
Juan Carlos Osorio
65.4%
New York Red Bulls/
MetroStars
Juan Carlos Osorio
65.4%
New York Red Bulls/
MetroStars
Mo Johnston
64%
Toronto FC
Mo Johnston
64%
Chicago Fire
Denis Hamlett
62.5%
Columbus Crew
Robert Warzycha
61.8%
D.C. United
Thomas Rongen
61.8%
New England Revolution
Thomas Rongen
61.8%
C.D. Chivas USA
Thomas Rongen
61.8%
Tampa Bay Mutiny
Thomas Rongen
61.8%
D.C. United
Ray Hudson
61%
Colorado Rapids
Gary Smith
61%
Miami Fusion
Ray Hudson
61%
Kansas City Wizards
Bob Gansler
59.6%
FC Dallas/
Dallas Burn
Schellas Hyndman
58.8%
Los Angeles Galaxy
Ruud Gullit
58.8%
D.C. United
Tom Soehn
58.1%
Los Angeles Galaxy
Steve Sampson
58.1%
New England Revolution
Fernando Clavijo
56.6%
Colorado Rapids
Fernando Clavijo
56.6%
Chicago Fire
Dave Sarachan
55.1%
Team
Coach Name
% Correct
Toronto FC
Preki
55.1%
Toronto FC
John Carver
54.4%
Los Angeles Galaxy
Octavio Zambrano
54.4%
New York Red Bulls/
MetroStars
Octavio Zambrano
53.7%
New England Revolution
Walter Zenga
52.2%
Columbus Crew
Greg Andrulis
51.5%
FC Dallas/
Dallas Burn
Dave Dir
49.3%
New York Red Bulls/
MetroStars
Bora Milutinovic
48.5%
FC Dallas/
Dallas Burn
Colin Clarke
47.8%
Kansas City Wizards
Peter Vermes
47.1%
FC Dallas/
Dallas Burn
Steve Morrow
46.3%
New York Red Bulls/
MetroStars
Eddie Firmani
45.6%
Real Salt Lake
John Ellinger
44.9%
D.C. United
Curt Onalfo
44.9%
New York Red Bulls/
MetroStars
Hans Backe
44.9%
New York Red Bulls/
MetroStars
Carlos Queiroz
43.4%
New York Red Bulls/
MetroStars
Carlos Alberto Parreira
42.6%
Colorado Rapids
Glenn Myernick
42.6%
Los Angeles Galaxy
Lothar Osiander
41.2%
San Jose Earthquakes
Lothar Osiander
41.2%
San Jose Earthquakes
Laurie Calloway
37.5%
Columbus Crew
Tom Fitzgerald
34.6%
Tampa Bay Mutiny
Perry Van der Beck
34.6%
Chicago Fire
Carlos de los Cobos
33.8%
C.D. Chivas USA
Martin Vasquez
31.6%
San Jose Earthquakes
Brian Quinn
29.4%
Miami Fusion
Ivo Wortmann
27.2%
Columbus Crew
Timo Liekoski
26.5%
Kansas City Wizards
Ron Newman
23.5%
Colorado Rapids
Tim Hankinson
23.5%
Tampa Bay Mutiny
Tim Hankinson
23.5%
New England Revolution
Frank Stapleton
20.6%
New York Red Bulls/
MetroStars
Alfonso Mondelo
19.1%
Tampa Bay Mutiny
Alfonso Mondelo
19.1%
C.D. Chivas USA
Hans Westerhof
18.4%
FC Dallas/
Dallas Burn
Mike Jeffires
16.2%
Colorado Rapids
Bobby Houghton
13.2%
Miami Fusion
Carlos Cordoba
11.8%
Tampa Bay Mutiny
John Kowalski
5.9%
Quiz Playlist
Details
Report
Send in Message
Add To Playlist
Classic:
Type in answers that appear in a list
Last Updated: Feb 16, 2017
Quiz Scoreboard
CHALLENGE
Sign Up to Join the Scoreboard
Show All
Scores
Hide
Comments
May contain spoilers
Recently Published
Colored Red Africa Blitz
by spor1
Geography
30s
Find the 'City' Movie
by crazypaving
Movies
60s
5x2 Blitz: Bands
by SL_Kpop136
Music
30s
More to Explore
Quiz From the Vault
Featured Blog Post
14 Easter Pick-up Lines to Find Eggs With
hide this ad
You Might Also Like...
Tags
2010
club
coach
MLS
season
start
team
Today's Top Quizzes in Sports
Browse Sports
hide this ad
Today's Top Quizzes in season
Browse season
Top Contributed Quizzes in Sports
1
Les entraîneurs de l'OM et du PSG au 21e siècle
2
Les meilleurs buteurs des matchs entre le PSG et l’OM
3
Players with Multiple 50 Home Run Seasons
4
2022 World Cup Stars
5
Les joueurs passés par le PSG et l'OM
6
NBA Logic Puzzle 2.0
7
Criteria MLB: Left Handed Sluggers
8
MLB Players with Two .350 Batting Average Seasons
9
Top 10 NHL Goal Scorers of All Time
10
Who Hit More Homers?
Explore More
Trending Topics
NBA
Harry Potter
Anime
Disney
Kpop
Marvel
Crossword
Puzzle
Song
The Office
Pokémon
Soccer
NFL
Country
WWE
hide this ad
More By:
anabnos
Quiz
Plays
Rating
Category
Featured
Created
Football in London
406,306
4.07
Sports
Nov 4, 2009
MLS Coaches
136
5.00
Sports
Nov 16, 2009
Wizards Nicknames
41
1.00
Sports
Feb 4, 2010
Go to Creator's Profile
Score Distribution
Quiz Creator Spotlight
anabnos
Follow
Send a Message
Quizzes Created
-
Created Quiz Play Count
-
More By This Creator
Popular Quizzes Today
1
Colored Red Africa Blitz
2
Find the 'City' Movie
3
5x2 Blitz: Bands
4
Find the US States - No Outlines Minefield
5
The Countries of the World
6
Find the US States
7
US States
8
Find the Countries of Europe - No Outlines Minefield
More Sports Quizzes
Euro 2020 Last 16
Quiz Lab
Trending Quizzes
Colored Red Europe Blitz I
Colored Red Europe Blitz II
Colored Red Africa Blitz II
Colored Red Europe Blitz III
Colored Red Africa Blitz III
Recently Updated
How Do You Spell That?
pecheneg
Godzilla Movies
pecheneg
Grab Bag: 4-10 Letters
pecheneg
2024 March Madness Bracket
pecheneg
Famous TV Couples
Peacemaker
Champions League XIs: Real Madrid
pecheneg
Largest US Cities 1790-2010
pecheneg
Rides in Walt Disney World
pecheneg
Most Oscar Losses (Acting)
pecheneg
Beyoncé Albums
pecheneg
Trending Topics
Disney
NBA
Kpop
Crossword
Marvel
Harry Potter
Anime
Puzzle
Song
The Office
Pokémon
WWE
Country
Soccer
NFL
Your Account Isn't Verified!
In order to create a playlist on Sporcle, you need to verify the email address you used during registration. Go to your
Sporcle Settings
to finish the process.
Report this User
Report this user for behavior that violates our
Community Guidelines
.
Details:
Send Report
Go to the Sporcle.com Mobile Site →
Comments